000 00423nam a22001577a 4500
005 20251108163334.0
008 250721s1995 xx 000 0 ara d
082 1 4 _a216,22/حاج
100 1 _aالحاج، خالد محمد علي
245 1 0 _aسنن الصلوات الخاصة و بدعها /
264 1 _aالزرقاء :
_c1995.
300 _a336 ص
650 1 7 _aالصلوات
942 _2ddc
_cBK
999 _c195
_d195